A simplifies guide to Fortran Programming

Gespeichert in:
Bibliographische Detailangaben
1. Verfasser: McCracken, Daniel D.
Format: Buch
Sprache:Englisch
Veröffentlicht: John Wiley and Sons. 1974.
Schlagworte:
Tags: Tag hinzufügen
Keine Tags, Fügen Sie den ersten Tag hinzu!

MARC

LEADER 00000nam a22000005a 4500
001 496
003 CL-ChBUA
005 20120815102705.0
008 070301s1974 xxu 000 0 eng
040 |a CL-ChBUA  |c CL-ChBUA 
082 0 0 |a 001.642 
090 |c 496  |d 496 
100 1 |a McCracken, Daniel D. 
245 1 0 |a A simplifies guide to Fortran Programming 
260 |b John Wiley and Sons.  |c 1974. 
300 |a 277 p.  |c 26 cm. 
504 |a Indice. 
650 4 |a PROGRAMAS DE COMPUTADORES. 
942 |c LIB 
952 |0 0  |1 0  |4 0  |7 0  |9 567  |a UNACH  |b UNACH  |c 000  |d 2007-03-05  |i 23.173  |l 0  |o 001.642 4 / Mc 111. c.1  |p 1566  |r 2022-01-04 00:00:00  |u 567  |w 2012-08-08  |y LIB  |k 001.642 4 / Mc 111. c.3 
999 |c 496  |d 496